नोबेल शांति पुरस्कार से सम्मानित कैलाश सत्यार्थी ; (Record no. 200468)

MARC details
000 -LEADER
fixed length control field 01346nam a22001937a 4500
005 - DATE AND TIME OF LATEST TRANSACTION
control field 20240306135650.0
010 ## - LCCN (DPL NO)
LC control number B-757471-473
020 ## - INTERNATIONAL STANDARD BOOK NUMBER
Terms of availability 595.000
International Standard Book Number 9789392708206
035 ## - SYSTEM CONTROL NUMBER
System control number B-757471-473
037 ## - SOURCE OF ACQUISITION
Source of stock number/acquisition गैलेक्सी पब्लिशर्स
082 ## - DEWEY DECIMAL CLASSIFICATION NUMBER
Classification number 921
100 ## - MAIN ENTRY--PERSONAL NAME
Personal name बघेल, वी. एस.
245 ## - TITLE STATEMENT
Title नोबेल शांति पुरस्कार से सम्मानित कैलाश सत्यार्थी ;
Remainder of title बचपन बचाओ आन्दोलन के प्रणेता /
Statement of responsibility, etc वी.एस. बघेल
260 ## - PUBLICATION, DISTRIBUTION, ETC. (IMPRINT)
Place of publication, distribution, etc दिल्ली
Name of publisher, distributor, etc गैलेक्सी पब्लिशर्स
Date of publication, distribution, etc 2023
270 ## - ADDRESS
Address आत्माराम बिल्डिंग,1376, ग्राउंड फ्लोर , कश्मीरी गेट
City दिल्ली
Postal code 110006
300 ## - PHYSICAL DESCRIPTION
Extent 208 पृ..
Dimensions 22सेमी (सजिल्द)
942 ## - ADDED ENTRY ELEMENTS (KOHA)
Source of classification or shelving scheme Dewey Decimal Classification
Item type Hindi Books
Classification part 921
Call number suffix बघेल
Holdings
Withdrawn status Lost status Not for loan Collection code Home library Current library Date acquired Source of acquisition Cost, normal purchase price Full call number Barcode Copy number Cost, replacement price Koha item type
      Non-fiction Central Library Central Library 06/03/2024 गैलेक्सी पब्लिशर्स /GLXP/11.1.24/124/9.1.24/16.1.24 595.00 921 बघेल B-757471 1 595.00 Hindi Books
      Non-fiction Janak Puri Janak Puri 06/03/2024 गैलेक्सी पब्लिशर्स /GLXP/11.1.24/124/9.1.24/16.1.24 595.00 921 बघेल B-757472 1 595.00 Hindi Books
      Non-fiction Shahdara Branch Shahdara Branch 06/03/2024 गैलेक्सी पब्लिशर्स /GLXP/11.1.24/124/9.1.24/16.1.24 595.00 921 बघेल B-757473 1 595.00 Hindi Books

© Delhi Public Library
Hit Counter
free hit counter